[Event "Zuerich op 37th"]
[Site "Zuerich"]
[Date "2013.12.29"]
[Round "5"]
[White "Schumann, Martin"]
[Black "Z'Berg, Jean Pierre"]
[Result "0-1"]
[WhiteElo "1893"]
[BlackElo "2079"]
[PlyCount "156"]
[EventDate "2013.12.26"]
[EventType "swiss"]
[EventRounds "7"]
[EventCountry "SUI"]
[SourceTitle "CBM 158 Extra"]
[Source "ChessBase"]
[SourceDate "2014.02.28"]
[SourceVersion "1"]
[SourceVersionDate "2014.02.28"]
[SourceQuality "1"]

1. e4 d5 2. exd5 Qxd5 3. Nc3 Qa5 4. d4 c6 5. Nf3 Nf6 6. Be2 Bf5 7. 0-0 Nbd7 8. Bf4 e6 9. a3 Be7 10. Re1 0-0 11. Ne5 Nxe5 12. dxe5 Ne4 13. Nxe4 Bxe4 14. b4 Qc7 15. c4 Rfd8 16. Qb3 a6 17. Qe3 Bg6 18. c5 Rd7 19. Rad1 Rad8 20. Kf1 Rd5 21. Bf3 Rd3 22. Rxd3 Rxd3 23. Qc1 Qd7 24. Rd1 Bd8 25. Be2 Rxd1+ 26. Qxd1 Qxd1+ 27. Bxd1 Bd3+ 28. Ke1 g5 29. Bg3 Kg7 30. Kd2 Be4 31. f3 Bd5 32. Be2 h5 33. Ke3 Be7 34. Kd4 Kg6 35. Bd3+ Kg7 36. h3 Bd8 37. Bh2 g4 38. hxg4 hxg4 39. Bf4 gxf3 40. gxf3 Bxf3 41. Ke3 Bh5 42. Be4 Bg6 43. Bf3 Bc2 44. Kd2 Bb3 45. Be4 Bh4 46. Kc3 Bd5 47. Bc2 Bf2 48. Kd3 Bg1 49. Kc3 Bf2 50. Kd3 a5 51. Bd2 Bg1 52. Bf4 axb4 53. axb4 Kg6 54. Kc3+ Kh5 55. Bd1+ Kh4 56. Be2 Bf2 57. Kd3 Be1 58. Bd2 Bg3 59. Kd4 Bg2 60. b5 Bf2+ 61. Be3 Bxe3+ 62. Kxe3 cxb5 63. Bxb5 Bc6 64. Be2 Kg5 65. Bd3 f6 66. exf6 Kxf6 67. Kd4 e5+ 68. Ke3 Bh1 69. Be2 Bd5 70. Bg4 Ke7 71. Bf5 Kd8 72. Kd3 Kc7 73. Kc3 Kc6 74. Kb4 Bg2 75. Kc4 Bf1+ 76. Kb4 Kd5 77. Bc8 Ba6 78. Bh3 e4 0-1

[Event "Leipzig VfB op 14th"]
[Site "Leipzig"]
[Date "2007.03.22"]
[Round "5"]
[White "Schumann, Martin"]
[Black "Baer, Soeren"]
[Result "0-1"]
[WhiteElo "1924"]
[BlackElo "2121"]
[PlyCount "166"]
[EventDate "2007.03.20"]
[EventType "swiss"]
[EventRounds "9"]
[EventCountry "GER"]
[SourceTitle "EXT 2008"]
[Source "ChessBase"]
[SourceDate "2007.11.25"]
[SourceVersion "1"]
[SourceVersionDate "2007.11.25"]
[SourceQuality "1"]

1. e4 c5 2. Nf3 g6 3. d4 cxd4 4. Nxd4 Nc6 5. c4 Nf6 6. Nc3 d6 7. Be2 Nxd4 8. Qxd4 Bg7 9. 0-0 0-0 10. Qd1 Be6 11. f3 Qb6+ 12. Kh1 Rfc8 13. Nd5 Bxd5 14. exd5 Nd7 15. Rb1 a5 16. Qb3 Qxb3 17. axb3 Nc5 18. Bd1 Ra6 19. Bd2 Bf6 20. g4 Rca8 21. g5 Bd4 22. Bc2 Rb6 23. Rfe1 e5 24. dxe6 Nxe6 25. f4 Bc5 26. Ra1 Bb4 27. Bxb4 Rxb4 28. Re4 Kf8 29. Kg2 Rb6 30. Rd1 a4 31. Ra1 Ra5 32. Bd1 Nc5 33. Re3 Raa6 34. bxa4 Rxb2+ 35. Kf3 Rxh2 36. Kg3 Rb2 37. a5 Rd2 38. Bf3 Rd4 39. Bd5 Ra8 40. Rae1 Rd3 41. Rxd3 Nxd3 42. Bxb7 Rxa5 43. Re3 Nc5 44. Bd5 Ra1 45. Bc6 Ne6 46. Bd5 Nd4 47. Be4 Rc1 48. Bd3 Rc3 49. Kf2 Ne6 50. Kf3 Nc5 51. Be2 Rxe3+ 52. Kxe3 Ke7 53. Bg4 Ne6 54. Ke4 Nc5+ 55. Ke3 f6 56. Bh3 Nb3 57. Kd3 Na5 58. Kd4 fxg5 59. fxg5 Nc6+ 60. Ke4 Nd8 61. Kf4 Nf7 62. Bg4 Ne5 63. Be2 Ke6 64. Bf1 Nc6 65. Bh3+ Ke7 66. Ke4 Nd8 67. Bg4 Nf7 68. Kf4 h6 69. gxh6 Nxh6 70. Bh3 Nf7 71. Bg4 Kf6 72. Bh3 Ne5 73. Bf1 Nd7 74. Bh3 Nc5 75. Bf1 g5+ 76. Kg4 Ne4 77. Bg2 Nd2 78. Bd5 Nf1 79. Kf3 Ke5 80. Kf2 Nd2 81. Ke3 Nb3 82. Kf3 Nc5 83. Kg4 Kf6 0-1

[Event "Leipzig VfB op 14th"]
[Site "Leipzig"]
[Date "2007.03.22"]
[Round "4"]
[White "Schumann, Martin"]
[Black "Ott, Herbert"]
[Result "1-0"]
[WhiteElo "1924"]
[BlackElo "1469"]
[PlyCount "89"]
[EventDate "2007.03.20"]
[EventType "swiss"]
[EventRounds "9"]
[EventCountry "GER"]
[SourceTitle "EXT 2008"]
[Source "ChessBase"]
[SourceDate "2007.11.25"]
[SourceVersion "1"]
[SourceVersionDate "2007.11.25"]
[SourceQuality "1"]

1. e4 c5 2. Nf3 e6 3. Nc3 Nc6 4. d4 cxd4 5. Nxd4 a6 6. Be2 d6 7. 0-0 Nf6 8. Be3 Be7 9. Qd2 Qc7 10. f3 Bd7 11. a3 0-0 12. Rfd1 Nxd4 13. Bxd4 Ne8 14. Rac1 Rd8 15. Qe3 Rc8 16. Na2 Qa5 17. b4 Qh5 18. c4 f5 19. f4 Qg6 20. e5 Bc6 21. Bf3 Rd8 22. Bb6 Rd7 23. exd6 Rxd6 24. Rxd6 Bxd6 25. Bxc6 bxc6 26. Re1 Bc7 27. Bxc7 Nxc7 28. Qb6 Qf7 29. Qxc6 Rd8 30. Qf3 Qd7 31. Qe3 Qc6 32. c5 Qa4 33. h3 Qc2 34. Re2 Qb1+ 35. Kh2 Qf1 36. Rd2 Rc8 37. Nc3 Qc4 38. Ne2 Kf7 39. Qd3 Qxd3 40. Rxd3 Nd5 41. Kg3 a5 42. Nc3 axb4 43. Nxd5 bxa3 44. Nb4 Rxc5 45. Rxa3 1-0

[Event "Leipzig VfB op 13th"]
[Site "Leipzig"]
[Date "2006.03.16"]
[Round "5"]
[White "Dargel, Manuel"]
[Black "Schumann, Martin"]
[Result "1-0"]
[WhiteElo "2108"]
[BlackElo "1734"]
[PlyCount "63"]
[EventDate "2006.03.14"]
[EventType "swiss"]
[EventRounds "9"]
[EventCountry "GER"]
[SourceTitle "EXT 2008"]
[Source "ChessBase"]
[SourceDate "2007.11.25"]
[SourceVersion "1"]
[SourceVersionDate "2007.11.25"]
[SourceQuality "1"]

1. c4 Nf6 2. g3 g6 3. Bg2 Bg7 4. Nc3 0-0 5. e4 d6 6. Nge2 Nc6 7. h3 e5 8. 0-0 Be6 9. Nd5 Ne7 10. d3 c6 11. Nxf6+ Bxf6 12. Bh6 Bg7 13. Bxg7 Kxg7 14. b3 a5 15. f4 f5 16. Kh2 h6 17. Qd2 Qc7 18. d4 fxe4 19. dxe5 dxe5 20. Qc3 Kh7 21. fxe5 c5 22. Bxe4 Nc6 23. Nf4 Bf5 24. Bxc6 Qxc6 25. Nd5 Be6 26. Nf6+ Kg7 27. Rad1 Qc7 28. Rd6 Bf5 29. Rxf5 gxf5 30. Rd7+ Rf7 31. Rxc7 Rxc7 32. Qd3 1-0